000 00724nam a2200217 a 4500
001 000019203
005 20200929165941.0
008 821217s1963 fr 000 0 fre
040 _aDO-SdBNP
_cCarP
_dDLC
_dBNPHU
082 _a928
_bR773G
100 1 _aRongier, Gilberte,
_d1921-1960.
_941318
245 1 0 _aGilberte /
_cGilberte Rongier ; Avant-propos d'Étienne Lalou.
260 _aParís :
_bBernard Grasset,
_c1963.
300 _a238 p. ;
_c19 cm.
500 _aIncluye notas al pie de las páginas.
600 0 4 _aRONGIER, GILBERTE,
_d1921-1960,
_xBIOGRAFÍA
_941319
650 4 _aCronología histórica
_933821
700 1 _aLalou, Etienne,
_d1918-
_941320
910 _aCatalogación derivada /Oxford
049 _aBNGR
999 _c18721
_d18721